000 02139cam a22005054i 4500
003 PE-LiUPU
005 20250731173359.0
008 150706s2010 flu r 000 0 spa d
020 _a9780829756401
035 _a(Sirsi) i9780829756401
040 _aPE-LiUPU
_bspa
_cPE-LiUPU
_erda
049 _aPRUA
082 0 4 _a215
_bP75
_221
100 1 _aPoling, Judson,
_eautor.
245 1 4 _a¿La Biblia y la ciencia están en conflicto? :
_bpreguntas desafiantes /
_cJudson Poling.
264 1 _aMiami, Florida :
_bVida,
_c2010.
300 _a76 páginas ;
_c23 centímetros.
336 _atext
_2rdacontent
337 _aunmediated
_2rdamedia
338 _avolume
_2rdacarrier
490 0 _aPreguntas Desfiantes
505 0 _a¿La Biblia y la ciencia están en conflicto? -- ¿Acaso no está el cristianismo basado en una fe ciega? -- ¿Por qué tan pocos científicos son cristianos? -- ¿No descarta el Big Bang la idea de un Creador? -- ¿No contradice la evolución al génesis? -- S i la Biblia es verdad, ¿por qué no ofrece más detalles científicos? -- ¿Los avances científicos no harán que Dios Sea innecesario?.
526 _aSEG42
526 _aSEG41
526 _aSEG40
526 _aSEG39
526 _aP94
526 _aP87
526 _aP86
526 _aP85
526 _aP77
526 _aP76
526 _aP35
541 _g001-0000499;
650 0 4 _aBiblia y ciencia.
650 0 4 _aBiblia
_xCrítica, interpretación, etc.
650 0 4 _aBiblia
_xEstudio y enseñanza.
_95823
700 1 _aSchultz, Hannalores,
_etraductor.
910 _agl
_bjv
_cng
_d20101228
942 _2ddc
_cBOOK
949 _a215 P75
_wDEWEY
_c1
_i62472
_d2016-8-22
_e2016-8-22
_lCCODEBUL1
_mBUL
_n3
_p6.00
_r0
_sY
_tBOOK
_u2015-7-6
_xTEOLOGIA
_PP35
_0COMPRA
_o.STAFF. Colección General
994 _aC0
_bPEPRU
596 _a1
999 _a215 P75
_wDEWEY
_c51531
_i62472
_d51531
_e2019-3-20
_f2021-11-9
_g5
_lCCODEBUL1
_mBUL
_n7
_p6.00
_q3
_r0
_sY
_tBOOK
_u2015-7-6
_xTEOLOGIA
_PP35
_0COMPRA
_o.STAFF. Colección Teología
980 _81
_gALBERTO SANCHEZ Responsable de Automatización